Principles Practices of Organizational Performance Excellence (Record no. 891)

MARC details
000 -LEADER
fixed length control field 00439nam a22001697a 4500
005 - DATE AND TIME OF LATEST TRANSACTION
control field 20180727155825.0
008 - FIXED-LENGTH DATA ELEMENTS--GENERAL INFORMATION
fixed length control field 160517b xxu||||| |||| 00| 0 eng d
020 ## - INTERNATIONAL STANDARD BOOK NUMBER
ISBN 81-203-1687-8
041 ## - LANGUAGE CODE
Language code of text/sound track or separate title eng
082 ## - DEWEY DECIMAL CLASSIFICATION NUMBER
Item number 2463
Classification number 658.3
100 ## - MAIN ENTRY--AUTHOR NAME
Personal name Thomas J. Cartin
245 ## - TITLE STATEMENT
Title Principles Practices of Organizational Performance Excellence
260 ## - PUBLICATION, DISTRIBUTION, ETC. (IMPRINT)
Place of publication New Delhi
Name of publisher PHI,
Year of publication 2000
300 ## - PHYSICAL DESCRIPTION
Number of Pages 325p,
650 ## - SUBJECT ADDED ENTRY--TOPICAL TERM
Topical Term Management
942 ## - ADDED ENTRY ELEMENTS (KOHA)
Koha item type Books
Holdings
Lost status Damaged status Collection code Home library Current library Shelving location Date acquired Cost, normal purchase price Full call number Accession Number Koha item type
    MANAGEMENT JRU Library JRU Library SHELF-64-G 17/05/2016 250.00 658.3 2463 Books
    MANAGEMENT JRU Library JRU Library SHELF-75-J 17/05/2016 250.00 658.3 2464 Books